2019 MLB Playoff Lineups - Statistics

General Stats
  • This quiz has been taken 59 times
  • The average score is 65 of 129
Answer Stats
Hint Hint Answer % Correct
New York Yankees RF Aaron Judge
92%
Los Angeles Dodgers 3B Justin Turner
92%
Washington Nationals SS Trea Turner
92%
Los Angeles Dodgers SP Clayton Kershaw
88%
Atlanta Braves 1B Freddie Freeman
88%
Houston Astros CF George Springer
88%
Houston Astros SP Gerrit Cole
88%
Houston Astros 2B Jose Altuve
88%
Houston Astros SP Justin Verlander
88%
Houston Astros DH Yordan Alvarez
88%
Houston Astros 3B Alex Bregman
84%
Houston Astros SS Carlos Correa
84%
Oakland Athletics 1B Matt Olson
80%
Atlanta Braves 2B Ozzie Albies
80%
Los Angeles Dodgers C Will Smith
80%
Washington Nationals 3B Anthony Rendon
76%
Los Angeles Dodgers CF Cody Bellinger
76%
Washington Nationals LF Juan Soto
76%
Washington Nationals SP Anibal Sanchez
72%
New York Yankees C Gary Sanchez
72%
Washington Nationals SP Max Scherzer
72%
Minnesota Twins DH Nelson Cruz
72%
Atlanta Braves CF Ronald Acuña Jr.
72%
St. Louis Cardinals C Yadier Molina
72%
Houston Astros 1B Yuli Gurriel
72%
Washington Nationals 2B Howie Kendrick
68%
Los Angeles Dodgers 1B Max Muncy
68%
Washington Nationals 1B Ryan Zimmerman
68%
St. Louis Cardinals SP Adam Wainwright
64%
Tampa Bay Rays 2B Brandon Lowe
64%
Los Angeles Dodgers SS Corey Seager
64%
Atlanta Braves SS Dansby Swanson
64%
Washington Nationals MGR Dave Martinez
64%
Los Angeles Dodgers MGR Dave Roberts
64%
New York Yankees 1B D.J. LeMahieu
64%
Minnesota Twins CF Max Kepler
64%
Washington Nationals SP Stephen Strasburg
64%
Los Angeles Dodgers SP Walker Buehler
64%
Houston Astros SP Zack Greinke
64%
New York Yankees MGR Aaron Boone
60%
Houston Astros MGR A.J. Hinch
60%
New York Yankees LF Brett Gardner
60%
New York Yankees 2B Gleyber Torres
60%
Minnesota Twins SS Jorge Polanco
60%
Washington Nationals C Kurt Suzuki
60%
Oakland Athletics 3B Matt Chapman
60%
St. Louis Cardinals 1B Paul Goldschmidt
60%
Tampa Bay Rays SP Tyler Glasnow
60%
Tampa Bay Rays CF Kevin Kiermaier
56%
Oakland Athletics SS Marcus Semien
56%
New York Yankees SP Masahiro Tanaka
56%
Minnesota Twins 3B Miguel Sano
56%
Milwaukee Brewers C Yasmani Grandal
56%
New York Yankees DH Edwin Encarnacion
52%
Los Angeles Dodgers SP Hyun Jin Ryu
52%
Tampa Bay Rays 1B Jiman Choi
52%
Atlanta Braves 3B Josh Donaldson
52%
Houston Astros RF Josh Reddick
52%
Washington Nationals SP Patrick Corbin
52%
Tampa Bay Rays SS Willy Adames
52%
New York Yankees CF Aaron Hicks
48%
Tampa Bay Rays SP Blake Snell
48%
Milwaukee Brewers SP Brandon Woodruff
48%
Atlanta Braves C Brian McCann
48%
Minnesota Twins RF Eddie Rosario
48%
Milwaukee Brewers 1B Eric Thames
48%
Los Angeles Dodgers RF Joc Pederson
48%
St. Louis Cardinals 2B Kolten Wong
48%
New York Yankees SP Luis Severino
48%
Houston Astros LF Michael Brantley
48%
Milwaukee Brewers SS Orlando Arcia
48%
Milwaukee Brewers RF Trent Grisham
48%
Tampa Bay Rays 3B Yandy Diaz
48%
Washington Nationals RF Adam Eaton
44%
Oakland Athletics MGR Bob Melvin
44%
Tampa Bay Rays SP Charlie Morton
44%
Milwaukee Brewers MGR Craig Counsell
44%
Atlanta Braves SP Dallas Keuchel
44%
New York Yankees SS Didi Gregorius
44%
Minnesota Twins SP Jose Berrios
44%
Tampa Bay Rays MGR Kevin Cash
44%
Oakland Athletics DH Khris Davis
44%
Milwaukee Brewers CF Lorenzo Cain
44%
Minnesota Twins LF Marwin Gonzalez
44%
Oakland Athletics SP Sean Manaea
44%
Washington Nationals CF Victor Robles
44%
Atlanta Braves MGR Brian Snitker
40%
New York Yankees 3B Gio Urshela
40%
Milwaukee Brewers 3B Mike Moustakas
40%
St. Louis Cardinals SP Miles Mikolas
40%
St. Louis Cardinals SS Paul DeJong
40%
Los Angeles Dodgers SP Rich Hill
40%
Atlanta Braves LF Adam Duvall
36%
Tampa Bay Rays RF Avisail Garcia
36%
St. Louis Cardinals SP Jack Flaherty
36%
Washington Nationals SP Joe Ross
36%
St. Louis Cardinals LF Marcell Ozuna
36%
St. Louis Cardinals MGR Mike Shildt
36%
Minnesota Twins C Mitch Garver
36%
Atlanta Braves RF Nick Markakis
36%
Minnesota Twins MGR Rocco Baldelli
36%
Milwaukee Brewers LF Ryan Braun
36%
St. Louis Cardinals CF Tommy Edman
36%
Los Angeles Dodgers LF A.J. Pollock
32%
Los Angeles Dodgers 2B Gavin Lux
32%
Houston Astros SP Jose Urquidy
32%
Milwaukee Brewers 2B Keston Hiura
32%
St. Louis Cardinals 3B Matt Carpenter
32%
Oakland Athletics RF Ramon Laureano
32%
Oakland Athletics CF Mark Canha
28%
Atlanta Braves SP Mike Foltynewicz
28%
Tampa Bay Rays C Travis d’Arnaud
28%
Tampa Bay Rays LF Austin Meadows
24%
Minnesota Twins 1B C.J. Cron
24%
St. Louis Cardinals RF Dexter Fowler
24%
New York Yankees SP James Paxton
24%
Minnesota Twins 2B Luis Arraez
24%
Houston Astros C Robinson Chirinos
24%
New York Yankees SP Chad Green
20%
Atlanta Braves SP Michael Soroka
20%
St. Louis Cardinals SP Dakota Hudson
16%
Minnesota Twins SP Jake Odorizzi
16%
Houston Astros SP Brad Peacock
8%
Oakland Athletics C Josh Phegley
8%
Oakland Athletics 2B Jurickson Profar
8%
Tampa Bay Rays DH Tommy Pham
8%
Minnesota Twins SP Randy Dobnak
4%
Oakland Athletics LF Robbie Grossman
4%
Tampa Bay Rays SP Diego Castillo
0%
No matching quizzes found
Score Distribution
Percent of People with Each Score
Percentile by Number Answered
Your Score History
You have not taken this quiz